Truyền thuyết hai bà trưng một số giá trị văn hóa - nhân sinh Chuyên luận
Khái quát về lịch sử và truyền thuyết dân gian về khởi nghĩa Hai Bà Trưng. Giá trị văn học và nghệ thuật xây dựng hình tượng nhân vật anh hùng
সংরক্ষণ করুন:
| প্রধান লেখক: | |
|---|---|
| বিন্যাস: | গ্রন্থ |
| ভাষা: | Vietnamese |
| প্রকাশিত: |
H.
Khoa học xã hội
2015
|
| বিষয়গুলি: | |
| ট্যাগগুলো: |
ট্যাগ যুক্ত করুন
কোনো ট্যাগ নেই, প্রথমজন হিসাবে ট্যাগ করুন!
|
| Thư viện lưu trữ: | Mạng thư viện Đại học Đà Nẵng |
|---|
| LEADER | 01587aam a22003978a 4500 | ||
|---|---|---|---|
| 001 | 000023598 | ||
| 003 | 20051 | ||
| 005 | 20160108100110.0 | ||
| 008 | 160108s2015 viesd | ||
| 020 | |d 2000b | ||
| 041 | 0 | |a vie | |
| 082 | 0 | 4 | |2 23 |a 398.209597 |b BU-T |
| 100 | 1 | |a Bùi Quang Thanh | |
| 245 | 1 | 0 | |a Truyền thuyết hai bà trưng một số giá trị văn hóa - nhân sinh |b Chuyên luận |c Bùi Quang Thanh |
| 260 | |a H. |b Khoa học xã hội |c 2015 | ||
| 300 | |a 230 tr. |c 21 cm. | ||
| 500 | |a ĐTTS ghi: Hội Văn nghệ dân gian Việt Nam | ||
| 504 | |a Phụ lục: tr .153-168. - Thư mục: tr. 169-226 | ||
| 520 | |a Khái quát về lịch sử và truyền thuyết dân gian về khởi nghĩa Hai Bà Trưng. Giá trị văn học và nghệ thuật xây dựng hình tượng nhân vật anh hùng | ||
| 650 | 0 | 4 | |2 Bộ TK TVQG |a Văn học dân gian |x Khởi nghĩa Hai Bà Trưng |
| 650 | 7 | |2 Bộ TK TVQG | |
| 650 | 7 | |2 Bộ TK TVQG | |
| 651 | 7 | |2 Bộ TK TVQG |a Việt Nam | |
| 653 | |a Khởi nghĩa Hai Bà Trưng | ||
| 653 | |a Truyền thuyết | ||
| 653 | |a Văn học dân gian | ||
| OWN | |a LSP | ||
| AVA | |a UDN50 |b LSP |d 398.209597 BU-T |e available |t Error 5001 Not defined in file expand_doc_bib_avail. |f 1 |g 0 |h N |i 0 |k 1 | ||
| 999 | |a From the UDN01 | ||
| AVA | |a UDN50 |b LSP |d 398.209597 BU-T |e available |t Error 5001 Not defined in file expand_doc_bib_avail. |f 1 |g 0 |h N |i 0 |k 1 | ||
| TYP | |a Monograph | ||
| TYP | |a Printed language | ||
| 980 | |a Mạng thư viện Đại học Đà Nẵng | ||